| 000 | 00699nam a2200229 a 4500 | ||
|---|---|---|---|
| 999 |
_c3593 _d3593 |
||
| 001 | 3593 | ||
| 003 | BD-JhCC | ||
| 005 | 20171115124446.0 | ||
| 008 | 171115s1999 bg ||||| |||| 000 0 ben d | ||
| 020 | _a9844101212 | ||
| 035 | _a(BD-JhCC)3593 | ||
| 040 |
_aBD-JhCC _dBD-JhCC |
||
| 041 | _aben | ||
| 082 |
_a370 _bKHA 1999 |
||
| 100 | _aখান, মিসবাহউদ্দিন | ||
| 245 |
_aপ্রশিক্ষক প্রশিক্ষণ / _cমিসবাহউদ্দিন খান. |
||
| 260 |
_aঢাকা : _bমাওলা ব্রাদার্স, _c1999. |
||
| 300 |
_a71 p. : _c21 cm. |
||
| 650 | _aEducation in Training | ||
| 942 |
_2ddc _cBK |
||